|
|
|
|
| LEADER |
01044nam a2200277 4500 |
| 001 |
DLU120141808 |
| 005 |
##20121004 |
| 040 |
# |
# |
|a DLU
|b vie
|
| 041 |
# |
# |
|a vie
|
| 044 |
# |
# |
|a vn
|
| 100 |
# |
# |
|a .
|
| 245 |
# |
# |
|a Tốc độ tán xạ của điện tử - Phonon quan dọc trong chấm lượng tử dạng đĩa với thể giam cầm Parabol /
|c Trịnh Trọng Kiên, Nguyễn Thanh Huyền, Dương Xuân Long, Nguyễn Hồng Quang .
|
| 700 |
# |
# |
|a Dương Xuân Long.
|
| 700 |
# |
# |
|a Nguyễn Hồng Quang.
|
| 700 |
# |
# |
|a Nguyễn Thanh Huyền.
|
| 700 |
# |
# |
|a Trịnh Trọng Kiên.
|
| 773 |
# |
# |
|t Tuyển tập các báo cáo hội nghị vật lý toàn quốc lần thứ VI tập I: vật lý lý thuyết, quang học quang phổ
|g 2006, tr. 80-84
|
| 920 |
# |
# |
|a Phòng Tạp chí -- Trung tâm Thông tin - Thư viện Trường Đại học Đà Lạt
|
| 994 |
# |
# |
|a DLU
|
| 900 |
# |
# |
|a True
|
| 911 |
# |
# |
|a Trương Thị Mỹ Lệ
|
| 925 |
# |
# |
|a G
|
| 926 |
# |
# |
|a A
|
| 927 |
# |
# |
|a BB
|
| 980 |
# |
# |
|a Thư viện Trường Đại học Đà Lạt
|